Catálogo
 En Linea

Sosegados alaridos en el silencio : (Registro nro. 48237)

Detalles MARC
000 -CABECERA
campo de control de longitud fija 00739nam a2200241 a 4500
001 - NÚMERO DE CONTROL
campo de control 000048749
003 - IDENTIFICADOR DEL NÚMERO DE CONTROL
campo de control DO-SdBNP
005 - FECHA Y HORA DE LA ÚLTIMA TRANSACCIÓN
campo de control 20240412074307.0
007 - CAMPO FIJO DE DESCRIPCIÓN FÍSICA--INFORMACIÓN GENERAL
campo de control de longitud fija ta
008 - DATOS DE LONGITUD FIJA--INFORMACIÓN GENERAL
campo de control de longitud fija 190326s 2016 dr 000 0 spa d
020 ## - NÚMERO INTERNACIONAL ESTÁNDAR DEL LIBRO
Número Internacional Estándar del Libro 9789945893441
040 ## - FUENTE DE LA CATALOGACIÓN
Centro catalogador/agencia de origen DO-SdBNP
Lengua de catalogación spa
Centro/agencia transcriptor BNPHU
082 #4 - NÚMERO DE LA CLASIFICACIÓN DECIMAL DEWEY
Número de clasificación RD861.44
Número de documento/Ítem R789s
Número de edición 22
100 1# - ENTRADA PRINCIPAL--NOMBRE DE PERSONA
Nombre de persona Rosario, Bergson
9 (RLIN) 1182
245 10 - MENCIÓN DE TÍTULO
Título Sosegados alaridos en el silencio :
Resto del título antología poética /
Mención de responsabilidad, etc. Bergson Rosario.
260 ## - PUBLICACIÓN, DISTRIBUCIÓN, ETC.
Lugar de publicación, distribución, etc. Santo Domingo :
Nombre del editor, distribuidor, etc. Ciliya,
Fecha de publicación, distribución, etc. 2016.
300 ## - DESCRIPCIÓN FÍSICA
Extensión 267 p. ;
Dimensiones 22 cm.
500 ## - NOTA GENERAL
Nota general Incluye datos biográficos del autor en la solapa de la cubierta.
590 ## - NOTA LOCAL (RLIN)
Nota local Inventariado, 2019/ YL
650 #4 - PUNTO DE ACCESO ADICIONAL DE MATERIA--TÉRMINO DE MATERIA
Término de materia o nombre geográfico como elemento de entrada Poesía dominicana
9 (RLIN) 66
650 #0 - PUNTO DE ACCESO ADICIONAL DE MATERIA--TÉRMINO DE MATERIA
Término de materia o nombre geográfico como elemento de entrada Literatura dominicana.
9 (RLIN) 67
942 ## - ELEMENTOS DE PUNTO DE ACCESO ADICIONAL (KOHA)
Fuente del sistema de clasificación o colocación Dewey Decimal Classification
Tipo de ítem Koha Libro
Existencias
Estado de retiro Estado de pérdida Fuente del sistema de clasificación o colocación Restricciones de uso No para préstamo Código de colección Localización permanente Ubicación/localización actual Ubicación en estantería Fecha de adquisición Signatura topográfica completa Código de barras Fecha visto por última vez Precio válido a partir de Tipo de ítem Koha Número de copia Fuente de adquisición Total de préstamos
    Dewey Decimal Classification Préstamo restringido   Patrimonio Dominicano Biblioteca Nacional Pedro Henríquez Ureña Biblioteca Nacional Pedro Henríquez Ureña Depósito 11.04.2019 BNPHU PD RD861.44 R789s 48749-10 25.06.2020 25.06.2020 Libro      
    Dewey Decimal Classification Préstamo restringido   Patrimonio Dominicano Biblioteca Nacional Pedro Henríquez Ureña Biblioteca Nacional Pedro Henríquez Ureña Depósito 11.04.2019 BNPHU PD RD861.44 R789s 48749-20 25.06.2020 25.06.2020 Libro e.2    
    Dewey Decimal Classification Préstamo en sala   Dominicana de Servicio Biblioteca Nacional Pedro Henríquez Ureña Biblioteca Nacional Pedro Henríquez Ureña Depósito 02.07.2021 BNPHU DS RD861.44 R789s 2021-2359 02.07.2021 02.07.2021 Libro e.3    
    Dewey Decimal Classification Préstamo en sala   Dominicana de Servicio Biblioteca Nacional Pedro Henríquez Ureña Biblioteca Nacional Pedro Henríquez Ureña Depósito 29.04.2022 BNPHU DS RD861.44 R789s 2022-1714 29.04.2022 29.04.2022 Libro e.4 Donación  
    Dewey Decimal Classification Préstamo en sala   Dominicana de Servicio Biblioteca Nacional Pedro Henríquez Ureña Biblioteca Nacional Pedro Henríquez Ureña Depósito 29.04.2022 BNPHU DS RD861.44 R789s 2022-1715 29.04.2022 29.04.2022 Libro e.5 Donación  

Con tecnología Koha